| Tag |
First Indicator |
Second Indicator |
Subfields |
| LEADER |
00000cam a2200000Mi 4500 |
| 001 |
in00002744708 |
| 005 |
20230919154636.4 |
| 008 |
810212s1973 dcua b f001 0 eng d |
| 010 |
|
|
|a 76603299
|
| 035 |
|
|
|a (OCoLC)ocn663910012
|
| 035 |
|
|
|a (OCoLC)663910012
|
| 040 |
|
|
|a HUH
|b eng
|c HUH
|d OCLCQ
|d OCLCO
|d OCLCF
|d OCLCA
|d OCLCQ
|
| 043 |
|
|
|a n-us---
|
| 050 |
1 |
4 |
|a UB23
|b .B39 1973
|
| 082 |
1 |
4 |
|a 355.0335
|q OCoLC
|
| 100 |
1 |
|
|a Bauer, Theodore W.
|
| 245 |
1 |
0 |
|a Requirements for national defense /
|c Theodore W. Bauer.
|
| 260 |
|
|
|a Washington :
|b National Defense University,
|c [pref. 1973]
|
| 300 |
|
|
|a v, 189 pages :
|b illustrations ;
|c 25 cm
|
| 336 |
|
|
|a text
|b txt
|2 rdacontent
|
| 337 |
|
|
|a unmediated
|b n
|2 rdamedia
|
| 338 |
|
|
|a volume
|b nc
|2 rdacarrier
|
| 500 |
|
|
|a At head of title: National security management.
|
| 500 |
|
|
|a "Revisions in the Department of Defense programming and budgeting system since the publication of this text are discussed in an addendum."
|
| 504 |
|
|
|a Includes bibliographical references (pages 179-184) and index.
|
| 610 |
1 |
0 |
|a United States.
|b Department of Defense
|x Management.
|
| 651 |
|
0 |
|a United States
|x Military policy.
|
| 610 |
1 |
7 |
|a United States.
|b Department of Defense.
|2 fast
|0 (OCoLC)fst01852447
|
| 650 |
|
7 |
|a Management.
|2 fast
|0 (OCoLC)fst01007141
|
| 650 |
|
7 |
|a Military policy.
|2 fast
|0 (OCoLC)fst01021386
|
| 651 |
|
7 |
|a United States.
|2 fast
|0 (OCoLC)fst01204155
|
| 830 |
|
0 |
|a National security management series.
|
| 948 |
|
|
|h HELD BY TXA - 1 OTHER HOLDINGS
|
| 994 |
|
|
|a Z0
|b TXA
|
| 999 |
f |
f |
|s 67988bc6-b811-38e2-b582-d0b5744a5ea8
|i 4aa1e299-39f7-3192-b8d0-d84143dd1924
|t 0
|
| 952 |
f |
f |
|p normal
|a Texas A&M University
|b College Station
|c Sterling C. Evans Library
|d Evans: US Documents (Annex 5th floor)
|t 0
|e D 5.9/3:D 36/4
|h Superintendent of Documents classification
|i unmediated -- volume
|m A14836914072
|
| 998 |
f |
f |
|a D 5.9/3:D 36/4
|t 0
|l Evans: US Documents (Annex 5th floor)
|